Statystyki dla 3 literowe rzeczowniki

Kliknij tutaj aby rozwiązać quiz!

Ogólne statystyki

  • Ten quiz został rozwiązany 52 razy
  • Średni wynik to 18 z 95

Statystyki odpowiedzi

#Odpowiedź% Poprawnych
kot
83%
.dom
60%
las
50%
rak
47%
mak
43%
pan
43%
jak
40%
lis
40%
wór
40%
bak
37%
bąk
37%
pas
37%
kat
33%
koc
33%
kos
33%
pal
33%
bar
30%
byk
30%
dar
30%
gar
30%
nos
30%
tor
30%
tur
30%
lew
27%
lot
27%
pot
27%
bok
23%
but
23%
lok
23%
rad
23%
sad
23%
tok
23%
wąż
23%
gra
20%
kit
20%
lin
20%
maj
20%
paw
20%
por
20%
raj
20%
rów
20%
sok
20%
top
20%
wół
20%
gal
17%
itr
17%
lit
17%
lód
17%
pąk
17%
ryś
17%
ser
17%
wir
17%
ara
13%
gil
13%
jod
13%
kac
13%
lek
13%
rap
13%
rok
13%
car
10%
ind
10%
lud
10%
luk
10%
łuk
10%
pik
10%
rym
10%
tom
10%
żal
10%
żar
10%
akt
7%
dym
7%
hit
7%
kra
7%
łom
7%
miś
7%
oda
7%
ryk
7%
sęp
7%
toń
7%
typ
7%
ząb
7%
zen
7%
żer
7%
zew
7%
era
3%
łyk
3%
mur
3%
pęk
3%
rój
3%
rwa
3%
dno
0%
jęk
0%
jon
0%
łza
0%
ość
0%

Rozkład punktacji

Percentyl według liczby udzielonych odpowiedzi

Procent ludzi z każdym wynikiem

Twoja historia wyników

Nie rozwiązałeś tego quizu